Something written to the magistrates of London and Middlesex : who sit on the seat of justice, who are examples to the rest of the nation, or to whomsoever this may come, that they may see the fruits of their doings, and repent thereof : with a sound of God's judgements against Babylon and her merchants : also a manifestation of God's love to his people, and an invitation to all people to turn unto the Lord who waits to be gracious, yea, whose loving kindness is strecht out to the ends of the earth /

Bibliographic Details
Main Author: Tyso, John, -1700
Format: Microform Book
Language:English
Published: London : [publisher not identified], 1663.
Series:Early English books, 1641-1700 ; 901:56.
Subjects:

MARC

Tag First Indicator Second Indicator Subfields
LEADER 00000cam a2200000 a 4500
001 in00000946292
005 20150926125810.0
007 hd afv|||baca
008 850715s1663 miu a 00010 eng d
035 |a (OCoLC)12264555 
035 |9 AET2624AM 
037 |a CL0037000028  |b UMI 
037 |b University Microfilms International, 300 N. Zeeb Rd., Ann Arbor, MI 48106 
040 |a EAA  |c EAA  |d m/c  |d UtOrBLW 
049 |a TXAI 
099 |a film   |a  B   |a  3609 
100 1 |a Tyso, John,  |d -1700. 
245 1 0 |a Something written to the magistrates of London and Middlesex :  |b who sit on the seat of justice, who are examples to the rest of the nation, or to whomsoever this may come, that they may see the fruits of their doings, and repent thereof : with a sound of God's judgements against Babylon and her merchants : also a manifestation of God's love to his people, and an invitation to all people to turn unto the Lord who waits to be gracious, yea, whose loving kindness is strecht out to the ends of the earth /  |c by ... John Tyso. 
264 1 |a London :  |b [publisher not identified],  |c 1663. 
300 |a 2 unnumbered pages, 6 pages 
336 |a text  |b txt  |2 rdacontent 
337 |a microform  |b h  |2 rdamedia 
338 |a microfilm reel  |b hd  |2 rdacarrier 
500 |a Reproduction of original in Huntington Library. 
510 4 |a Wing  |c T3594 
533 |a Microfilm.  |b Ann Arbor, Mich. :  |c University Microfilms International,  |d 1978.  |e 1 microfilm reel ; 35 mm.  |f (Early English books, 1641-1700 ; 901:56) 
500 |a Microform. 
610 1 0 |a England and Wales.  |b Parliament. 
830 0 |a Early English books, 1641-1700 ;  |v 901:56. 
999 |a MARS 
999 f f |s 3155d303-c588-3451-bfc2-e87ab7cb8e04  |i 7a27f7c0-b8a6-3525-ba4f-c2c81762544f  |t 0 
952 f f |p default  |a Texas A&M University  |b College Station  |c Sterling C. Evans Library  |d Evans: Microforms (3rd floor)  |t 0  |e film B 3609 901:56  |h Other scheme  |i microform -- microfilm reel 
998 f f |a film B 3609 901:56  |t 0  |l Evans: Microforms (3rd floor)